National Anthem of Kazakhstan - Menıñ Qazaqstanym - Statistics

General Stats
  • This quiz has been taken 7 times
  • The average score is 9 of 59
Answer Stats
Lyrics % Correct
Menıñ
60%
menıñ
60%
menıñ-
60%
Altyn
40%
Altyn
40%
dän
40%
el
40%
el
40%
elım,
40%
elım,
40%
elım!
40%
elım
40%
kün
40%
Qazaqstanym!
40%
aspany,
20%
baqytty,
20%
bar.
20%
bar.
20%
bermegen,
20%
Bızdıñ
20%
Bızdıñ
20%
dalasy,
20%
egılemın,
20%
er
20%
Erlıktıñ
20%
Namysyn
20%
tögılemın,
20%
Tuğan
20%
Ūrpaqqa
20%
alğan
0%
aşqan,
0%
baitaq
0%
Bırlıgı
0%
bolyp
0%
bolyp
0%
Dañqymyz
0%
dasany-
0%
degen,
0%
dosındai.
0%
Ejelden
0%
Elıme
0%
ğoi,
0%
ğoi!
0%
Gülıñ
0%
jarasqan,
0%
jerım
0%
jerım
0%
jol
0%
Jyryñ
0%
Keñ
0%
Mäñgılık
0%
myqty
0%
osyndai!
0%
qaraşy!
0%
Qarsy
0%
Qazağym
0%
şyqty
0%
Täuelsız
0%
uaqytty,
0%
No matching quizzes found
Score Distribution
Percent of People with Each Score
Percentile by Number Answered
Your Score History
You have not taken this quiz